لطائف الأذكار للحضار والسفار في المناسك والآداب : (رقم التسجيلة. 247383)
[ عرض عادي ]
| 000 -الفاتح | |
|---|---|
| عناصر البيانات ثابتة الطول | 01313nam a22002777i 4500 |
| 005 - تاريخ ووقت آخر معاملة | |
| حقل ضبط | 20251201091834.0 |
| 008 - عناصر البيانات ثابتة الطول | |
| عناصر البيانات ثابتة الطول | 250906s2020 jo ||||gr|||| 00| 0 ara d |
| 020 ## - الترقيم الدولي المعياري للكتب (ردمك) | |
| الترقيم الدولي المعياري للكتب (ردمك) | 9789957632106 |
| 040 ## - مصدر الفهرسة | |
| هيئة الفهرسة الأصلية | JO-AmGAM |
| قواعد الوصف | rda |
| 041 1# - كود اللغة | |
| كود اللغة لنص/مسار صوت أو عنوان منفصل | ara |
| كود اللغة للأصل | und |
| 082 14 - رقم تصنيف ديوي العشري | |
| رقم التصنيف | 216.25 |
| رقم المادة | م ا ز |
| 100 1# - مدخل رئيسي – اسم شخصي | |
| الاسم الشخصي | بن مازة، أبو جعفر شمس الدين محمد بن عمر بن عبدالعزيز، |
| تواريخ خاصة بالشخص | 1118-1170، |
| علاقة الشخص بالعمل/ دوره | مؤلف. |
| 245 10 - بيان العنوان | |
| العنوان | لطائف الأذكار للحضار والسفار في المناسك والآداب : |
| بقية العنوان | تأليف عام 552 من الهجر النبوية / |
| بيان المسؤولية | أبو جعفر شمس الدين محمد بن عمر بن عبد العزيز بن مازة ؛ دراسة وتحقيق الدكتور رسول جعفريان ؛ ترجم الى العربية عبير صلاح محمد. |
| 250 ## - بيان الطبعة | |
| بيان الطبعة | الطبعة الأولى. |
| 264 31 - بيانات النشر، التوزيع…إلخ | |
| مكان النشر، التوزيع...إلخ | عمان : |
| اسم الناشر، الموزع...إلخ | دار ورد الأردنية للنشر والتوزيع، |
| تاريخ النشر، التوزيع...إلخ | 2020. |
| 300 ## - الوصف المادي | |
| عدد الوحدات المكونة للوعاء | 280 صفحة. |
| 336 ## - نوع المحتوى | |
| المصدر | rdacontent |
| مصطلح نوع المحتوى | نص |
| كود نوع المحتوى | txt |
| 337 ## - نوع الوسيط | |
| المصدر | rdamedia |
| مصطلح نوع الوسيط | دون وسيط عرض |
| كود نوع الوسيط | n |
| 338 ## - نوع الحامل | |
| المصدر | rdacarrier |
| مصطلح نوع الحامل | مجلد |
| كود نوع الحامل | nc |
| 650 17 - مدخل إضافي بالموضوع - مصطلح موضوعي | |
| مصطلح موضوعي أو اسم جغرافي كعنصر مدخل | الحج. |
| 650 17 - مدخل إضافي بالموضوع - مصطلح موضوعي | |
| مصطلح موضوعي أو اسم جغرافي كعنصر مدخل | الاذكار. |
| 700 1# - مدخل إضافي - اسم شخصي | |
| الاسم الشخصي | جعفريان، رسول |
| علاقة الشخص بالعمل/ دوره | محقق. |
| 700 1# - مدخل إضافي - اسم شخصي | |
| الاسم الشخصي | صلاح، عبير محمد |
| علاقة الشخص بالعمل/ دوره | مترجم. |
| 942 ## - بيانات إضافية (كوها) | |
| نوع التنصيف | Dewey Decimal Classification |
| نوع المادة (كوها) | كتب |
| حالة السحب | حالة الفقدان | مصدر التصنيف | حالة التلف | غير قابل للإعارة | المكتبة الرئيسية | المكتبة الحالية | موقع الرف | تاريخ التزويد | مصدر التزويد | العملة | التكلفة، سعر الشراء العادي | الرقم المتسلسل | Total Checkouts | رقم الإستدعاء | الباركود | تاريخ آخر ظهور | التكلفة وسعر الاستبدال | تاريخ الفاتورة | نوع المادة (كوها) |
|---|---|---|---|---|---|---|---|---|---|---|---|---|---|---|---|---|---|---|---|
| Dewey Decimal Classification | المكتبة المركزية | المكتبة المركزية | الإعارة | 27/11/2025 | 47 | JOD | 7.00 | 1798852 | 216.25 / م ا ز | PLD00928518 | 27/11/2025 | 7.00 | 27/11/2025 | كتب | |||||
| Dewey Decimal Classification | مكتبة أم قصير والمقابلين العامة | مكتبة أم قصير والمقابلين العامة | الإعارة | 27/11/2025 | 47 | JOD | 7.00 | 1798856 | 216.25 / م ا ز | PLD00928522 | 27/11/2025 | 7.00 | 27/11/2025 | كتب | |||||
| Dewey Decimal Classification | مكتبة الأميرة ايمان العامة | مكتبة الأميرة ايمان العامة | الإعارة | 27/11/2025 | 47 | JOD | 7.00 | 1798853 | 216.25 / م ا ز | PLD00928519 | 27/11/2025 | 7.00 | 27/11/2025 | كتب | |||||
| Dewey Decimal Classification | مكتبة صويلح العامة | مكتبة صويلح العامة | الإعارة | 27/11/2025 | 47 | JOD | 7.00 | 1798855 | 216.25 / م ا ز | PLD00928521 | 27/11/2025 | 7.00 | 27/11/2025 | كتب | |||||
| Dewey Decimal Classification | مكتبة وادي السير العامة | مكتبة وادي السير العامة | الإعارة | 27/11/2025 | 47 | JOD | 7.00 | 1798854 | 216.25 / م ا ز | PLD00928520 | 27/11/2025 | 7.00 | 27/11/2025 | كتب |